| 000 | 00564 a2200193 4500 | ||
|---|---|---|---|
| 003 | Nust | ||
| 005 | 20170207154049.0 | ||
| 010 | _a 00057599 | ||
| 020 | _a0838907938 (alk. paper) | ||
| 040 | _cNust | ||
| 082 | 0 | 0 | _a025.1 |
| 100 | 1 | _aGiesecke, Joan. | |
| 245 | 1 | 0 |
_aPractical strategies for library managers(E-BOOK) _cJoan Giesecke. |
| 260 |
_aChicago : _bAmerican Library Association, _c2001. |
||
| 300 |
_aviii, 102 p. ; _c23 cm. |
||
| 650 | 0 |
_aLibrary administration _zUnited States. |
|
| 650 | 0 |
_aLibrary personnel management _zUnited States. |
|
| 651 | _aE-BOOK | ||
| 942 |
_2ddc _cBK |
||
| 999 |
_c193055 _d193055 |
||